[Event "Bundesliga 8990"]
[Site "GER"]
[Date "1989.??.??"]
[Round "?"]
[White "Stein, Bernd"]
[Black "Lehmann, Klaus"]
[Result "1/2-1/2"]
[WhiteElo "2380"]
[BlackElo "2305"]
[PlyCount "63"]
[EventDate "1989.10.??"]
[Source "www.chesslib.no"]
[SourceDate "2004.05.04"]

1. c4 e5 2. b3 Nc6 3. Bb2 Nf6 4. e3 d6 5. d3 g6 6. Nf3 Bg7 7. Be2 O-O 8. a3 a5 9. Nbd2 Nh5 10. Qc2 f5 11. O-O f4 12. d4 fxe3 13. fxe3 exd4 14. Nxd4 Nxd4 15. Rxf8+ Qxf8 16. Bxd4 Bxd4 17. exd4 Nf4 18. Bf1 Bf5 19. Qc3 Qf6 20. Re1 c5 21. Qe3 Ne6 22. dxc5 dxc5 23. Nf3 Rf8 24. Bd3 Nd4 25. Bxf5 Nxf3+ 26. Qxf3 Qxf5 27. Qxf5 Rxf5 28. Re6 a4 29. bxa4 Rf4 30. Rb6 Rxc4 31. Rxb7 Rxa4 32. Rc7 1/2-1/2

[Event "Tatran Cup"]
[Site "Stary Smokovec SVK"]
[Date "1983.??.??"]
[Round "7"]
[White "Petran, Peter"]
[Black "Stohl, Igor"]
[Result "0-1"]
[WhiteElo "2295"]
[BlackElo "2380"]
[PlyCount "61"]
[EventDate "1983.11.??"]
[Source "www.chesslib.no"]
[SourceDate "2004.05.04"]

1. b3 g6 2. Bb2 Nf6 3. e4 d6 4. f4 Bg7 5. Nf3 O-O 6. Qe2 c5 7. g3 Nc6 8. Bg2 Bg4 9. d3 e5 10. fxe5 Nd7 11. Nbd2 Ndxe5 12. O-O-O Nxf3 13. Bxf3 Bxb2+ 14. Kxb2 Nd4 15. Bxg4 Nxe2 16. Bxe2 b5 17. Rhf1 a5 18. Nb1 Qe7 19. d4 cxd4 20. Bxb5 Qxe4 21. a4 Rac8 22. Rd2 Rc5 23. Na3 Qe3 24. Rfd1 Qc3+ 25. Ka2 Rf5 26. Rd3 Qc5 27. R1d2 Rf1 28. Kb2 Rc8 29. Ka2 Rh1 30. Nc4 d5 31. Nb2 0-1

[Event "25. Open"]
[Site "?"]
[Date "2003.07.06"]
[Round "2"]
[White "Madan Augustin"]
[Black "Balinov Ilija"]
[Result "0-1"]
[WhiteElo "2257"]
[BlackElo "2417"]
[PlyCount "204"]
[EventDate "2003.??.??"]
[Source "www.chesslib.no"]
[SourceDate "2004.05.04"]

1. b3 e6 2. Bb2 f5 3. e4 Qh4 4. exf5 Qe4+ 5. Ne2 Qxf5 6. Ng3 Qf7 7. Ne4 Be7 8. h4 h6 9. Bd3 d5 10. Ng3 Bf6 11. Nc3 Nc6 12. Qh5 Nge7 13. Qxf7+ Kxf7 14. O-O-O e5 15. Nh5 Nb4 16. Nxf6 Nxd3+ 17. cxd3 gxf6 18. f4 d4 19. Ne4 Nd5 20. fxe5 fxe5 21. Rdf1+ Kg7 22. Ba3 b6 23. g3 Bg4 24. Rh2 c5 25. Rhf2 Rhf8 26. Nd6 Rxf2 27. Rxf2 Rd8 28. Nc4 Re8 29. Nd6 Rd8 30. Nc4 Re8 31. Nd6 Re7 32. Kb1 Kg8 33. Kc2 Re6 34. Ne4 Kg7 35. Rf1 a5 36. Rf2 Re8 37. Nd6 Rf8 38. Rxf8 Kxf8 39. Nc4 Kg7 40. Nxe5 Be2 41. Nd7 Kg6 42. Nxb6 Nxb6 43. Bxc5 Nd5 44. a3 Kf5 45. Bxd4 h5 46. Bc5 Ke6 47. Bd4 Ne7 48. Bb6 Nc6 49. Kc3 Kd5 50. Bc7 Kc5 51. a4 Kd5 52. Bb6 Bd1 53. d4 Be2 54. d3 Bd1 55. Bc5 Bg4 56. Bb6 Bf5 57. Bc5 Bc8 58. Bb6 Ba6 59. Bc5 Bb7 60. Bb6 Bc8 61. Bc5 Be6 62. Bb6 Kd6 63. Bc5+ Kc7 64. Bf8 Bd5 65. Bc5 Kb7 66. Bd6 Kb6 67. Bc5+ Ka6 68. Bd6 Kb6 69. Bc5+ Kc7 70. Bf8 Nd8 71. Be7 Ne6 72. Bf6 Kc6 73. Be5 Nd8 74. Bf6 Nf7 75. Be7 Kd7 76. Bf6 Nd6 77. Be5 Bb7 78. Bxd6 Kxd6 79. b4 Kd5 80. bxa5 Ba6 81. Kd2 Kxd4 82. Ke2 Ke5 83. Kf3 Kf5 84. d4 Bb7+ 85. Ke3 Ba6 86. Kf3 Bb7+ 87. Ke3 Bd5 88. a6 Kg4 89. Kf2 Kh3 90. a7 Kg4 91. a5 Kh3 92. a6 Kg4 93. Ke2 Kxg3 94. Ke3 Kg4 95. Kd3 Kxh4 96. a8=Q Bxa8 97. Kc4 Kg5 98. Kc5 Kf6 99. d5 Ke5 100. d6 Ke6 101. Kd4 Kxd6 102. Ke3 Ke5 0-1

[Event "otb"]
[Site "otb"]
[Date "2007.04.06"]
[Round "6"]
[White "Gonzalez Rodriguez Jorge A"]
[Black "Ibanez Terradellas Eduardo"]
[Result "1-0"]
[WhiteElo "2420"]
[BlackElo "2247"]
[PlyCount "69"]
[Source "www.chesslib.no"]
[SourceDate "2004.05.04"]

1. b3 g6 2. Bb2 Nf6 3. Bxf6 exf6 4. e3 Bg7 5. d4 O-O 6. g3 f5 7. Bg2 d6 8. Ne2 c5 9. c3 Nd7 10. O-O Nf6 11. Qd3 Qc7 12. c4 Bd7 13. Nbc3 Bc6 14. Nf4 cxd4 15. exd4 Rfe8 16. Rad1 Rac8 17. h4 h5 18. Rfe1 Bh6 19. Nfd5 Bxd5 20. Bxd5 Bg7 21. Bf3 a6 22. Kg2 Kf8 23. Qd2 b6 24. a4 Rxe1 25. Rxe1 Re8 26. Ra1 a5 27. Rd1 Qd8 28. Bc6 Re6 29. Qf4 Ng4 30. Qf3 g5 31. hxg5 Qxg5 32. Bd7 Rh6 33. Qa8+ Ke7 34. Qe8+ Kf6 35. Nd5+ 1-0

[Event "ITA-ch sf"]
[Site "?"]
[Date "1999.??.??"]
[Round "5"]
[White "Aldrovandi Costantino"]
[Black "Sarno Spartaco"]
[Result "1/2-1/2"]
[WhiteElo "2309"]
[BlackElo "2358"]
[PlyCount "34"]
[EventDate "1999.??.??"]
[Source "www.chesslib.no"]
[SourceDate "2004.05.04"]

1. c4 e5 2. b3 Nc6 3. Bb2 g6 4. g3 Bg7 5. Bg2 d6 6. e3 Nf6 7. Nc3 O-O 8. Nge2 Bf5 9. e4 Be6 10. O-O Nh5 11. d3 f5 12. f3 Qd7 13. Qd2 Rae8 14. Rae1 f4 15. g4 Nf6 16. h3 Qd8 17. Nd5 Nd7 1/2-1/2

[Event "Alicante ESP"]
[Site "?"]
[Date "2000.??.??"]
[Round "7"]
[White "Minzer Claudio Javier"]
[Black "Martinez Rodriguez Pablo"]
[Result "0-1"]
[WhiteElo "2400"]
[BlackElo "2265"]
[PlyCount "138"]
[EventDate "2000.??.??"]
[Source "www.chesslib.no"]
[SourceDate "2004.05.04"]

1. b3 e6 2. Bb2 Nf6 3. f4 c5 4. Nf3 Nc6 5. e3 Be7 6. Bb5 Qb6 7. Nc3 a6 8. Bxc6 Qxc6 9. O-O d6 10. Qe2 b5 11. a4 b4 12. Nd1 Bb7 13. d3 a5 14. e4 d5 15. exd5 exd5 16. Ne3 O-O 17. Ne5 Qc7 18. Rae1 Rae8 19. Qf2 d4 20. N3c4 Nd5 21. Bc1 f6 22. Nf3 Nxf4 23. Qg3 g5 24. Bxf4 Qxf4 25. Qxf4 gxf4 26. Nxa5 Bd5 27. Nd2 Bd8 28. Nac4 Bc7 29. Ne4 Bxe4 30. Rxe4 Rxe4 31. dxe4 Re8 32. Re1 Rd8 33. Nb2 Kf7 34. Kf2 Be5 35. Ke2 Rg8 36. Kf3 Rc8 37. Nc4 Rd8 38. Rd1 Ra8 39. Rd2 h5 40. Rf2 Rd8 41. Ke2 Bc7 42. Kd3 h4 43. h3 Ke6 44. Nd2 Be5 45. Nf3 Rh8 46. Rf1 Kd6 47. Ra1 Kc6 48. a5 Bb8 49. Kc4 Rh7 50. Re1 Be5 51. Rf1 Rd7 52. Rd1 Rh7 53. Ra1 d3 54. Nxe5+ fxe5 55. Kxd3 Rg7 56. a6 Rg3+ 57. Ke2 Rxg2+ 58. Kf3 Rg3+ 59. Kf2 Rg8 60. Rd1 Ra8 61. Rd5 Rxa6 62. Rxe5 Ra2 63. Re6+ Kd7 64. Rb6 Rxc2+ 65. Kf3 Rc3+ 66. Kxf4 Rxh3 67. Ke5 Rxb3 68. Kd5 h3 69. Kxc5 Rb1 0-1

[Event "Quebec Open"]
[Site "?"]
[Date "1998.07.28"]
[Round "4"]
[White "Elfert Aleksandr V"]
[Black "Hebert Jean"]
[Result "0-1"]
[WhiteElo "2195"]
[BlackElo "2460"]
[PlyCount "98"]
[EventDate "1998.??.??"]
[Source "www.chesslib.no"]
[SourceDate "2004.05.04"]

1. c4 e5 2. b3 Nc6 3. Bb2 Nf6 4. e3 d5 5. cxd5 Nxd5 6. a3 Bd6 7. Qc2 O-O 8. Nf3 Qe7 9. d3 a5 10. Be2 f5 11. Nbd2 Kh8 12. h4 Nf6 13. Ng5 Bd7 14. Nc4 h6 15. Bf3 Ra6 16. Be2 Raa8 17. Bf3 Rac8 18. Bxc6 Bxc6 19. Nf3 Bxf3 20. gxf3 b5 21. Nxa5 c5 22. Ke2 e4 23. fxe4 fxe4 24. Rag1 exd3+ 25. Qxd3 Be5 26. Bc1 Qc7 27. f4 Bxf4 28. Qg6 Rce8 29. Rh3 Re7 30. Rf3 Be5 31. Bd2 Rd8 32. Be1 Qd7 33. Rf5 Qd3+ 34. Kf2 Qc2+ 35. Kf1 Rd1 36. Rxe5 Qxg6 37. Rxg6 Rxe5 38. Ke2 Rc1 39. Bd2 Rh1 40. Bc3 Rh2+ 41. Kf3 Rf5+ 42. Kg3 Rff2 43. Bxf6 Rhg2+ 44. Kh3 Rxg6 45. Be7 Rfg2 46. h5 R6g3+ 47. Kh4 Rxe3 48. Bxc5 Re1 49. Kh3 Rg5 0-1

[Event "XIV Leonardo di Bona - Magistrale"]
[Site "Cutro ITA"]
[Date "2008.04.24"]
[Round "2"]
[White "Meijers, Viesturs"]
[Black "Kasparova, Tatiana"]
[Result "1/2-1/2"]
[WhiteElo "2507"]
[BlackElo "2147"]
[PlyCount "58"]
[EventDate "2008.04.23"]
[Source "www.chesslib.no"]
[SourceDate "2004.05.04"]

1. b3 d6 2. Bb2 e5 3. e3 Nf6 4. Ne2 Nbd7 5. g3 Be7 6. Bg2 c6 7. c4 O-O 8. Nbc3 Re8 9. O-O Nf8 10. d4 Qc7 11. Qc2 Bd7 12. Rad1 Rad8 13. Rd2 Ng6 14. Rfd1 Qc8 15. b4 Bh3 16. Bh1 Qg4 17. e4 Qc8 18. a3 Ng4 19. Rd3 Bf6 20. Qb3 exd4 21. Nxd4 N4e5 22. R3d2 Nf4 23. Nf3 Nxf3+ 24. Bxf3 Bg4 25. Nb1 Bxb2 26. Rxb2 Nh3+ 27. Kh1 Bxf3+ 28. Qxf3 Ng5 29. Qf4 Nxe4 1/2-1/2

[Event "Koeln"]
[Site "?"]
[Date "2004.04.03"]
[Round "7"]
[White "Rotshtein Efim"]
[Black "Bonnmann Reinhard"]
[Result "1/2-1/2"]
[WhiteElo "2393"]
[BlackElo "2261"]
[PlyCount "78"]
[EventDate "2004.??.??"]
[Source "www.chesslib.no"]
[SourceDate "2004.05.04"]

1. b3 g6 2. Bb2 Nf6 3. g4 Bg7 4. g5 Nh5 5. Bxg7 Nxg7 6. Bg2 e5 7. h4 h6 8. d4 hxg5 9. dxe5 Qe7 10. Nd2 g4 11. Nc4 Nc6 12. Qd5 Rxh4 13. Rxh4 Qxh4 14. O-O-O Ne6 15. e3 Qxf2 16. Rf1 Qh4 17. Ne2 b6 18. Nc3 Bb7 19. Ne4 O-O-O 20. Rxf7 Qh2 21. Ned6+ cxd6 22. Nxd6+ Kb8 23. Nxb7 Nc7 24. Qd2 Qxe5 25. Kb1 Kxb7 26. Rxd7 Rxd7 27. Qxd7 Qf6 28. a4 Qe6 29. Qd3 a5 30. Qc3 Qd6 31. Qc4 Na6 32. Qf7+ Nc7 33. Qc4 Qc5 34. Qxg4 Ka7 35. Qxg6 Nb4 36. Qe4 Nbd5 37. Qd4 Qxd4 38. exd4 Nf4 39. Bf3 b5 1/2-1/2

[Event "Open"]
[Site "Lone Pine op"]
[Date "1978.??.??"]
[Round "3"]
[White "Erlingsson, P."]
[Black "Brasket, Curt J"]
[Result "0-1"]
[WhiteElo "2270"]
[BlackElo "2370"]
[PlyCount "76"]
[EventDate "1978.??.??"]
[Source "www.chesslib.no"]
[SourceDate "2004.05.04"]

1. c4 e5 2. b3 Nc6 3. Bb2 d6 4. g3 g6 5. Bg2 Bg7 6. e4 f5 7. d3 Nh6 8. Nf3 O-O 9. O-O f4 10. h3 g5 11. g4 Nxg4 12. hxg4 Bxg4 13. Qe1 Bh5 14. Nh2 g4 15. Nxg4 Bxg4 16. f3 Be6 17. Kf2 Bf6 18. Ke2 Bh4 19. Qd1 Rf7 20. Rg1 Rg7 21. Nd2 Bf2 22. Kxf2 Qh4+ 23. Kf1 Kf7 24. Qe1 Qh2 25. Qf2 Rag8 26. Rh1 Qxg2+ 27. Qxg2 Rxg2 28. Rxh7+ Ke8 29. Ke1 Nb4 30. Bc3 Nc2+ 31. Kd1 Nxa1 32. Kc1 Rg1+ 33. Kb2 Kd8 34. Rh2 c5 35. b4 b6 36. bxc5 dxc5 37. Ba5 Ke7 38. Rh7+ Bf7 0-1

[Event "1 division 2001/2002"]
[Site "?"]
[Date "2001.11.17"]
[Round "3.3"]
[White "Lindfeldt Jan Magnus"]
[Black "Antonsen Mikkel"]
[Result "1/2-1/2"]
[WhiteElo "2280"]
[BlackElo "2359"]
[PlyCount "53"]
[EventDate "2001.??.??"]
[Source "www.chesslib.no"]
[SourceDate "2004.05.04"]

1. b3 g6 2. Bb2 Nf6 3. e3 Bg7 4. Nf3 O-O 5. Be2 d6 6. O-O e5 7. d3 Re8 8. Nbd2 Nbd7 9. c4 Nf8 10. Rc1 Ne6 11. a3 h6 12. Qc2 Nh7 13. Rfe1 Nhg5 14. d4 exd4 15. Nxd4 Nxd4 16. Bxd4 Bxd4 17. exd4 Qf6 18. d5 Bd7 19. Bd3 Qd4 20. Nf1 h5 21. Qd2 Qg4 22. Ng3 Re5 23. f4 Rxe1+ 24. Rxe1 Nh7 25. Ne4 Qh4 26. g3 Qd8 27. Qc3 1/2-1/2

[Event "Olomouc"]
[Site "?"]
[Date "2006.08.03"]
[Round "2.3"]
[White "Tibensky Robert"]
[Black "Krupa Monika"]
[Result "0-1"]
[WhiteElo "2385"]
[BlackElo "2251"]
[PlyCount "98"]
[EventDate "2006.??.??"]
[Source "www.chesslib.no"]
[SourceDate "2004.05.04"]

1. c4 e5 2. b3 Nc6 3. Bb2 Nf6 4. e3 d5 5. cxd5 Nxd5 6. a3 Bd6 7. d3 O-O 8. Nf3 Bg4 9. Be2 f5 10. b4 a6 11. Nbd2 Kh8 12. Qb3 Nf6 13. h3 Bh5 14. g4 Bf7 15. Qc2 e4 16. g5 exd3 17. Bxd3 Ne4 18. Nxe4 fxe4 19. Qc3 Rg8 20. Bxe4 Bh5 21. Rg1 Qe7 22. Bxc6 bxc6 23. Nd4 c5 24. bxc5 Bxc5 25. Nf5 Qf8 26. Ng3 Bf3 27. h4 Bd6 28. h5 Bxg3 29. Rxg3 Bxh5 30. g6 hxg6 31. Kf1 Rb8 32. Kg2 Rb5 33. Rh1 Qa8+ 34. f3 Qb7 35. Ba1 Qd5 36. e4 Qa2+ 37. Kh3 Bxf3 38. Qxf3 Rh5+ 39. Qxh5+ gxh5 40. Rhg1 Kh7 41. Rg5 g6 42. Rd5 Qxa3+ 43. Kh2 Qe7 44. Rgd1 Qh4+ 45. Kg1 Qg4+ 46. Kh2 h4 47. Rg1 Qf4+ 48. Kh3 Qxe4 49. Re5 Qf3+ 0-1

[Event "12th Goodricke Open, Calcutta IND"]
[Site "?"]
[Date "2001.??.??"]
[Round "1"]
[White "Abdulla, Al"]
[Black "Singh, G."]
[Result "1/2-1/2"]
[WhiteElo "2355"]
[BlackElo "2280"]
[PlyCount "54"]
[EventDate "2001.??.??"]
[Source "www.chesslib.no"]
[SourceDate "2004.05.04"]

1. b3 g6 2. Bb2 Nf6 3. e4 d6 4. g3 Bg7 5. Bg2 e5 6. Ne2 Nc6 7. O-O O-O 8. d4 exd4 9. Nxd4 Qe8 10. Nxc6 bxc6 11. Re1 Be6 12. Nc3 Nd7 13. Qc1 Qb8 14. Na4 Nb6 15. Bxg7 Kxg7 16. e5 Nxa4 17. bxa4 Qb6 18. Qf4 Rad8 19. Qf6+ Kg8 20. h4 h5 21. Be4 Rde8 22. Rab1 Qc5 23. Bxg6 fxg6 24. Qxg6+ Kh8 25. Qh6+ Kg8 26. Qg6+ Kh8 27. Qxh5+ Kg8 1/2-1/2

[Event "Oberliga Ost-C 9596"]
[Site "GER"]
[Date "1996.??.??"]
[Round "?"]
[White "Schoebel, Wolfgang"]
[Black "Bandza, Algirdas"]
[Result "1/2-1/2"]
[WhiteElo "2245"]
[BlackElo "2380"]
[PlyCount "81"]
[EventDate "1995.10.??"]
[Source "www.chesslib.no"]
[SourceDate "2004.05.04"]

1. b3 e6 2. Bb2 b5 3. Nf3 Bb7 4. e3 a6 5. c4 b4 6. Be2 Nf6 7. O-O Be7 8. a3 a5 9. d3 c5 10. Nbd2 O-O 11. Ng5 Nc6 12. f4 d5 13. a4 Nd7 14. cxd5 exd5 15. Rf3 Bf6 16. Bxf6 Qxf6 17. Rc1 Rfe8 18. Rg3 h6 19. Nh3 Rad8 20. Bg4 Ncb8 21. Nf2 Re7 22. Bf3 Qd6 23. Nf1 Nf6 24. Ng4 Nxg4 25. Bxg4 Ba6 26. Qc2 Nd7 27. Bxd7 Rexd7 28. Qxc5 Qxc5 29. Rxc5 Bxd3 30. Rf3 Ra8 31. Rf2 Raa7 32. Rd2 Be4 33. Ng3 Rdc7 34. Nxe4 dxe4 35. Rdd5 Rxc5 36. Rxc5 Rd7 37. Rxa5 Rd3 38. Rb5 Rxb3 39. a5 Rxe3 40. Rxb4 Ra3 41. Rxe4 1/2-1/2

[Event "Favorite"]
[Site "Hamburg"]
[Date "1977.??.??"]
[Round "2"]
[White "Schussler, Harry"]
[Black "Rellstab, Ludwig Jr"]
[Result "1-0"]
[WhiteElo "2360"]
[BlackElo "2265"]
[PlyCount "73"]
[EventDate "1977.04.??"]
[Source "ChessBase"]

1. b3 d6 2. Bb2 e5 3. e3 Nf6 4. c4 Be7 5. Nf3 O-O 6. Be2 Re8 7. Nc3 Nbd7 8. O-O Bf8 9. d4 c6 10. Qc2 Qc7 11. Rfd1 exd4 12. Nxd4 Ne5 13. h3 Ng6 14. Rd2 Qa5 15. Kh1 Qg5 16. Nf3 Qh5 17. Ba3 d5 18. Bxf8 Rxf8 19. cxd5 cxd5 20. Qd3 Ne5 21. Nxe5 Qxe5 22. Qd4 Qf5 23. Bf3 Be6 24. Rad1 h6 25. Nxd5 Bxd5 26. Bxd5 Qxd5 27. Qxd5 Nxd5 28. Rxd5 Rac8 29. R1d2 Rc1+ 30. Kh2 Rfc8 31. Rd8+ Rxd8 32. Rxd8+ Kh7 33. Rd7 Rc2 34. Rxb7 a5 35. Rxf7 Rxa2 36. Kg3 Rb2 37. Ra7 1-0

[Event "Mancha Real"]
[Site "?"]
[Date "2000.07.20"]
[Round "4"]
[White "Fernandez Barrera Francisco"]
[Black "Iglesias Jorge"]
[Result "1/2-1/2"]
[WhiteElo "2350"]
[BlackElo "2273"]
[PlyCount "47"]
[EventDate "2000.??.??"]
[Source "www.chesslib.no"]
[SourceDate "2004.05.04"]

1. b3 g6 2. Bb2 Nf6 3. Bxf6 exf6 4. g3 Bg7 5. e3 f5 6. d4 d6 7. Bg2 O-O 8. Ne2 Nd7 9. O-O Re8 10. c4 c6 11. Nbc3 Nf6 12. Qd3 Qe7 13. b4 Qc7 14. b5 Be6 15. bxc6 bxc6 16. Rab1 Rab8 17. Nf4 Bd7 18. Qc2 Qa5 19. Rb3 Rb6 20. Rfb1 Reb8 21. Nd3 Be6 22. Rxb6 Rxb6 23. Rxb6 axb6 24. Bxc6 1/2-1/2